000 02177cam a2200565Ia 4500
001 sjds1056009
003 sjds
005 20180403145656.0
008 050827s1994 nyua j 000 1 spa d
010 _a 81007010
020 _a0688132006 (trade paperback)
020 _a9780688132002 (trade paperback)
035 _a721721
035 _a(OCoLC)61362998
_z(OCoLC)655398925
_z(OCoLC)775572113
035 _a(OCoLC)ocm61362998
035 _a717751
035 _a115218
035 _a721721
040 _aIH7
_beng
_cIH7
_dTEF
_dBAKER
_dOCLCA
_dGPI
_dWTX
_dIG#
_dOCLCF
_dOCLCQ
_dIFA
041 1 _aspa
_heng
049 _aIFAA
099 _f1994
999 _c19437
_d19437
999 _bESPANOL PICTURE BOOKS WILLIAMS 1994
100 1 _aWilliams, Vera B.,
_eauthor.
240 1 0 _aChair for my mother.
_lSpanish
245 1 3 _aUn sillón para mi mamá /
_cpor Vera B. Williams ; traducido por Aída E. Marcuse.
260 _a[New York] :
_bGreenwillow Books,
_cc1994.
300 _a1 volume (unpaged) :
_bcolor illustrations ;
_c21 x 25 cm.
336 _atext
_btxt
_2rdacontent
337 _aunmediated
_bn
_2rdamedia
338 _avolume
_bnc
_2rdacarrier
490 1 _aReading rainbow book
500 _aReading Rainbow book.
520 _a"Después que un incendio destruye su casa y todo lo que poseen, Ros, su madre y su abuela ahorran hasta que logran comprarse un sillón grande y confortable para que las tres pedan disfutarlo."--P.[4] of cover.
520 _aA child, her waitress mother, and her grandmother save dimes to buy a comfortable armchair after all their furniture is lost in a fire.
586 _aCaldecott honor book.
586 _aCaldecott honor book.
650 0 _aFamilies
_vJuvenile fiction.
650 0 _aSaving and investment
_vJuvenile fiction.
650 0 _aChairs
_vJuvenile fiction.
650 0 _aFires
_vJuvenile fiction.
650 7 _aFamilia
_vNovela juvenil.
_2bidex
650 7 _aAhorro
_vNovela juvenil.
_2bidex
650 7 _aSillas
_vNovela juvenil.
_2bidex
650 7 _aIncendios
_vNovela juvenil.
_2bidex
655 7 _aReading Rainbow book.
_2local
700 1 _aMarcuse, Aída E.
830 0 _aReading rainbow book.
942 _cBK